Accelerating development the necessity and the means (Registro nro. 8784)

Detalles MARC
000 -LEADER
fixed length control field 00832nam a2200229Ia 4500
003 - CONTROL NUMBER IDENTIFIER
control field OSt
005 - DATE AND TIME OF LATEST TRANSACTION
control field 20211123120614.0
008 - FIXED-LENGTH DATA ELEMENTS--GENERAL INFORMATION
fixed length control field 210310t1966 eu fr 000 0deng d
040 ## - CATALOGING SOURCE
Original cataloging agency CO-JMCR
Transcribing agency CO-JMCR
041 0# - LANGUAGE CODE
Language code of text/sound track or separate title eng
082 04 - DEWEY DECIMAL CLASSIFICATION NUMBER
Classification number 338.91 /
Item number C976a
Edition number 23
100 1# - MAIN ENTRY--PERSONAL NAME
Personal name Currie, Lauchlin Bernard,
9 (RLIN) 18279
Relator term autor
245 10 - TITLE STATEMENT
Title Accelerating development the necessity and the means
Statement of responsibility, etc. Lauchlin Currie
260 ## - PUBLICATION, DISTRIBUTION, ETC.
Place of publication, distribution, etc. New York :
Name of publisher, distributor, etc. McGraw-Hill Book Company,
Date of publication, distribution, etc. ©1966
300 ## - PHYSICAL DESCRIPTION
Extent xiv, 255 páginas ;
Dimensions 23 cm.
490 0# - SERIES STATEMENT
Series statement McGraw-Hill Series in international development
500 ## - GENERAL NOTE
General note Incluye notas a pie de página y datos biográficos del autor.
505 0# - FORMATTED CONTENTS NOTE
Formatted contents note A general statement -- Aplication of Breakthrough plan to Colombia
650 14 - SUBJECT ADDED ENTRY--TOPICAL TERM
Topical term or geographic name entry element Desarrollo económico
9 (RLIN) 18281
650 24 - SUBJECT ADDED ENTRY--TOPICAL TERM
Topical term or geographic name entry element Países en desarrollo
9 (RLIN) 2059
942 ## - ADDED ENTRY ELEMENTS (KOHA)
Source of classification or shelving scheme Dewey Decimal Classification
Koha item type Books
Existencias
Withdrawn status Lost status Source of classification or shelving scheme Damaged status Not for loan Collection code Home library Current library Date acquired Source of acquisition Full call number Barcode Date last seen Copy number Koha item type
    Dewey Decimal Classification     Non-fiction Biblioteca Pública José María del Castillo y Rada Biblioteca Pública José María del Castillo y Rada 04/15/2018 Donación 338.91 / C976a 430004975 05/16/2024 Ej.1 Books